00429nam a2200145 a 4500008004100000020001800041050001500059100001900074245006500093250001200158260003500170300004100205650001300246650002400259130422s2012 ||||||||||||||||| || u a9780538498876 aQA 303 Ste aStewart, James10aCalculus: early transcendentals. (7th ed.)cby James Stewart a7th ed. aAustralia:bBrookes/Colec2012 axxviii, 1170p. various pagings: ill. 0aCALCULUS aCALCULUS--TEXTBOOKS